Представление документа в формате RUSMARC

ПолеНазваниеЗначение
  Тип записи a
  Библиографический уровень m
001 Контрольный номер RU/IS/BASE/382544176
005 Дата корректировки 20201206204822.2
010 Индекс ISBN __
a ISBN 978-5-91362-115-3
d Цена 150-00
101 Язык документа 0_
a Язык текста rus
200 Заглавие и сведения об ответственности 1_
a Заглавие Вид из окна
e Сведения, относящиеся к заглавию роман
f Первые сведения об ответственности Сергей Козлов
b Общее обозначение материала Текст
210 Выходные данные __
a Место издания М.
c Издательство Сиб. благозвонница
d Дата издания 2008
215 Физическое описание __
a Объем 576, [1] с.
330 Аннотация __
a Аннотация Небольшое объявление в одной из газет полностью меняет жизнь двух людей - молодой успешной женщины и малоизвестного поэта. Слава, предательство, разочарование в жизни, новая любовь - все это переживают главные герои книги.
606 Тематические рубрики __
a Основная рубрика Художественная литература
z Хронологическая подрубрика 21 в.
y Географическая подрубрика Россия; Тюменская область; Ханты-Мансийский автономный округ - Югра; Ханты-Мансийский район; Горноправдинск
606 Тематические рубрики __
a Основная рубрика Русская литература XX в. (произведения)
610 Ключевые слова __
a Ключевые слова краеведение; романы; тема любви; тема нравственности
686 Индексы других классификаций __
a Классификационный индекс К84(2Рос=Рус)6-4
700 Автор _1
a Фамилия Козлов
b Имя С. С.
g Полное личное имя Сергей Сергеевич
4 Код отношения 070
801 Источник записи _0
a Страна RU
b Организация Муниципальное бюджетное учреждение культуры "Централизованная библиотечная система" г. Сургут (Центральная городская библиотека им. А. С. Пушкина)
g Правила каталогизации КиК/Елгина
801 Источник записи _1
a Страна RU
b Организация Муниципальное бюджетное учреждение культуры "Централизованная библиотечная система" г. Сургут (Центральная городская библиотека им. А. С. Пушкина)
g Правила каталогизации КиК/Елгина
852 Данные о местонахождении __
j Шифр хранения К84(2Рос=Рус)6-4
i Авторский знак К 59
901 Тип документа __
t Тип документа m
903 Характеристики (МАРС) __
a Дата передачи 20120214
990 Данные о заказе (DOS) __
j Количество экземпляров (DOS) 1
t N записи в КСУ для И/У (DOS) 201203